000 01454nam2a22002411 4500
001 RU\NLR\INFOCOMM15\1000033451
005 20250617121927.0
035 _a(NLR Aleph) 002597560
090 _a3414351
_c3414351
100 _a20031217d1977 |||y0rusy50 ca
101 0 _arus
102 _aRU
105 _ay |||||||||
200 1 _aВ 1976 г.
210 _d1977
_aБ. м.
461 0 _1001RU\NLR\INFOCOMM15\1000033446
_12001#$aБиблиографический указатель авторефератов диссератций на соискание ученой степени доктора и кандидата медицинских наук по травматологии, ортопедии и протезированию$fЦентр. ин-т травматологии и ортопедии им. Н.Н.Приорова$vВып.8
_93414310
_cМ.
_d1973-
_fЦентр. ин-т травматологии и ортопедии им. Н.Н.Приорова
_tБиблиографический указатель авторефератов диссератций на соискание ученой степени доктора и кандидата медицинских наук по травматологии, ортопедии и протезированию
_vВып.8
801 1 _aRU
_bInfoComm
_c20031217
801 0 _aRU
_bNLR
_gPSBO
852 _aNLR
_bС
_jП-1/192
942 _cISSUE
980 _aNB
980 _aRUSPER